=LDR 00000nam 2200000 4500 =001 INLIS000000000028438 =005 20200326115459 =035 ##$$a 0010-061300000028438 =008 200326################g##########0#ind## =041 ##$$a Ind =082 ##$$a 297.42 =090 ##$$a 297.42, Sha y =100 ##$$a Sholal, Aidah Ahmad =245 1#$$a Yang disukai pria dari wanita /$c Aidah Ahmad Sholal : penerjemah Alfiyatul Azizah =260 ##$$a Jakarta :$b Senayan Publishing,$c 2006 =300 ##$$a xiv, 225 hlm. ; $c 12x18 cm. =650 #4$$a Hubungan Pria dan Wanita =850 ##$$a NBPNMAT =020 ##$$a 979347170-0 =084 ##$$a 297.42 SHO y =500 ##$$a Judul asli : Maa yuhibbuhuar-rijaal fii an-nisaa =700 #$$a Azizah, Alfiyatul =990 ##$$a 30709696 =990 ##$$a 30709698